000 00645nam a2200241 i 4500
001 C2-0287298
003 PPAK
005 20180728020627.0
008 080206s2005 ii |||| ||||| | eng d
020 _a8179661830
040 _aPPAK
_beng
_cPPAK
_erda
082 0 4 _a155.671314
_223
090 0 0 _a155.671314
_bFOG
_dR
100 1 _aFogler, Janet,
_eauthor
245 1 0 _aImproving your memory
264 1 _aChennai, India :
_bEmerald Publishers ,
_c2005
300 _a133 pages ;
_c21 cm
336 _2rdacontent
_atext
337 _2rdamedia
_aunmediated
338 _2rdacarrier
_avolume
650 1 0 _aMemory in old age
942 _ddc
_cB
999 _c93000
_d93000